000 00584nam a22001937a 4500
005 20140127120746.0
010 _aB-508637-659
020 _a9781908357168
_c99.00
035 _aB-508637-659
037 _adpl
_bStar Publications/Ven
082 _aS
100 _aLondon,Jack
245 _aThe Call of the Wild
_cby/ Jack London
260 _aLondon
_bibs Book
270 _a55, Warren Street,
_bLondon
300 _a108p.
_c24cm(Hb)
942 _2ddc
_cCH
_hS
_kLON
999 _c82158
_d82158